Účinky vyhlásenia konkurzu a daňové konanie po vyhlásení konkurzu

Problematika zákona o konkurze a vyrovnaní (zákon č. 328/1991 Zb. o konkurze a vyrovnaní v znení neskorších predpisov) v nadväznosti na daňové konanie. Definovanie daňovej pohľadávky v súvislosti so zákonom o konkurze. Postup navrhovateľa pri podávaní návrhu na konkurz.

Na minha lista:
Detalhes bibliográficos
Autor principal: Horáková, Edita
Formato: Capítulo de Livro
Idioma:eslovaco
Assuntos:
Tags: Adicionar Tag
Sem tags, seja o primeiro a adicionar uma tag!

MARC

LEADER 00000naa a2200000 4500
001 r042018
005 20231002122804.0
041 0 |a slo 
044 |a SK 
245 1 0 |a Účinky vyhlásenia konkurzu a daňové konanie po vyhlásení konkurzu  |c Edita Horáková 
520 |a Problematika zákona o konkurze a vyrovnaní (zákon č. 328/1991 Zb. o konkurze a vyrovnaní v znení neskorších predpisov) v nadväznosti na daňové konanie. Definovanie daňovej pohľadávky v súvislosti so zákonom o konkurze. Postup navrhovateľa pri podávaní návrhu na konkurz. 
610 2 0 |a konkurzy 
610 2 0 |a konanie daňové 
610 2 0 |a vyrovnanie 
610 2 0 |a veritelia 
610 2 0 |a pohľadávky 
610 2 0 |a dane 
610 2 0 |a záväzky podniku 
100 1 |a Horáková, Edita